000 01029cab a22002655a 4500
001 L159851
008 150113e2017 xxk 000 0 eng d
035 _a(Sirsi) u159851
041 0 _aeng
050 _a526.9823 $2 18
100 1 _aPhipps, Graeme
245 0 0 _aSpace sentinels
_h[electronic resource]
260 _aLondon
_bRICS
_c2017
490 _aRICS Building Surveying Journal
_vJuly - August 2017, 16-17(2)
520 _aSatellite-based remote sensing can provide a valuable service for surveyors by monitoring ground movement in London, using Synthetic paerture radar (SAR) and Satellite interferometric SAR (InSAR) to detect, map and monitor surface deformation.
650 2 4 _aGPS
650 2 4 _aREMOTE SENSING
650 2 4 _aSATELLITE SURVEYING
650 2 4 _aSAR SATELLITES
650 2 4 _aSURVEYING TECHNOLOGY
651 4 _aUnited Kingdom
690 _aGeomatics
_96242
856 4 0 _uhttps://issuu.com/ricsmodus/docs/building_surveying_journal_july___a
_yAvailable free online via Issuu
942 _n0
_2ddc
999 _c85014
_d85014